Регионална библиотека "Любен Каравелов" - Русе

Крокодилът Гена и неговите приятели (Запис номер 156821)

MARC детайли
000 -Лидер
Контролно поле с фиксирана дължина 01760nam a2200373 c 4500
003 - Код на организацията, давaща контролен номер
Контролно поле BLK
005 - Дата и час на последна редакция
Контролно поле 20250707175645.0
008 - Елементи от данни с фиксирана дължина
fixed length control field 180410b bul|||||r ||||||| ||bul||
010 ## - Наследен системен номер
LC control number KNG00163667000
020 ## - Международен стандартен номер на книга ISBN
Международен стандартен номер на книга ISBN 978-954-527-517-3
040 ## - Източник на каталожния запис
Идентификатор на билиотеката - собственик на записа BLK
041 ## - Код за език
Код за езика на текст/звукозапис или на отделно заглавие Български
Код за езика КДБФ Български
072 #7 - Код за тематичната категория
Код организация bullib
Код за тематична категория Н85
Текст Детска художествена литература Н
080 ## - УДК
Текстов определител УДК Руска литература
УДК код - определител по УДК 821.161.1
УДК определител -93-32
УДК - код + определител 821.161.1-93-32
100 1# - Редна дума - Автор
Автор Успенски, Едуард Николаевич
Авторска отговорност първи автор
R(LIN) 258844
139 ## - Редно поле
Редна дума Успенски, Едуард Николаевич
Авторски знак Усп - У 82
245 10 - Сведения за заглавието
Заглавие Крокодилът Гена и неговите приятели
Подзаглавни данни Повест-приказка
Редно поле (дума) Едуард Николаевич Успенски; прев. от рус. Мая Халачева; худож. Рада Дамянова Якова.
250 ## - Област на изданието
Сведения за изданието 4. изд.
257 ## - Страна на издаване
Страна на създаване/издаване СССР
260 ## - Област на издателските данни
Име на издателя, разпространителя и проч. Дамян Яков
Година на издаване 2011
Печатница София : Вулкан
300 ## - Физическа характеристика
Страници 112 с.
Илюстрации и др. с ил.
Размери/Мащаб 22 см
380 ## - Жанр
Жанр Детска худож. лит.
500 ## - Общи забележки
Забележка Ориг. загл.: Крокодил Гена и его друзья / Эдуард Успенский ; Загл. на кор.: Крокодилът Гена. - 1. изд. 1996 на изд. Сампо в сер. Книгите на моето детство.
659 ## - Тематичен бюлетин
Тематичен бюлетин Н
700 1# - Други автори (авторска отговорност)
Лично име Халачева, Мая
Автороска отговорност (Описва отношението между автора и произведението) прев. от рус.
9 (RLIN) 370881
700 1# - Други автори (авторска отговорност)
Лично име Якова, Рада Дамянова
Автороска отговорност (Описва отношението между автора и произведението) худож.
9 (RLIN) 365537
852 ## - Местоположение
Форматна сигнатура Цб 270228
856 4# - Електронен адрес и достъп
Електронен формат pdf - файл
856 4# - Електронен адрес и достъп
Електронен формат pdf - файл
999 ## - СИСТЕМНИ КОНТРОЛНИ НОМЕРА
Koha biblionumber 156821
Koha biblioitemnumber 156821
942 ## - АРТИКУЛИ
Вид на библиотечния материал Книги
Скрит в OPAC Не
Периодичен библиозапис Да
Koha issues (borrowed), all copies 19
944 ## - СЪЗДАВАНЕ И РЕДАКЦИЯ на ЗАПИСА
Създаване/Редакция Създаване
Дата на регистрацията/редакция 25.07.2014
Служител, извършил регистрацията/редакцията 30564
Статус, дата на статуса Анна Гръцманова
944 ## - СЪЗДАВАНЕ И РЕДАКЦИЯ на ЗАПИСА
Създаване/Редакция Редакция
Дата на регистрацията/редакция 06.04.2015
Служител, извършил регистрацията/редакцията Геновева_Генчева
999 ## - СИСТЕМНИ КОНТРОЛНИ НОМЕРА
Koha biblioitemnumber 156821
Наличности
Код за отписване Код за изгубен артикул Код за повреда Коз за рестрикции Код за отдаване Артикулен № Име на библиотеката - собственик Име на библиотеката, в която се намира в момента Статус (Текущо местоположение) Дата на вписване в системата Местоположение - отдел Цена в лева Инвентарен номер Систематично азбучна сигнатура Баркод Номер на екземпляра Цена в евро Служебна бележка Служебен тип на артикула Източник на класификационната схема
  Не е изгубен Не е повреден без рестрикции ползва се в читалня 262630 Регионална библиотека "Любен Каравелов" Русе Регионална библиотека "Любен Каравелов" Русе Хранилище 2014-07-25 Хранилище 6.80 120000779638 Цб 270228 120000779638 1 3.48 Дост: Dp Вид: Д N: 44 Дата: 22.10.2013 Книги  
  Не е изгубен Не е повреден без рестрикции заемане за дома 731314 Регионална библиотека "Любен Каравелов" Русе Регионална библиотека "Любен Каравелов" Русе Детски отдел 2019-07-31 Детски отдел 6.80   ДХ 820/899/ У82 120000835352   3.48   Книги Universal Decimal Classification
Vip Innovations Ltd, Rousse, Bulgaria 2025